000 00499nam a22001937a 4500
003 MPLRDC
005 20220104185328.0
008 210129b ||||| |||| 00| 0 eng d
020 _a7-5442-4481-7
082 _a859.9 HS v.3
100 _aBODO SCHAFER
245 _a小狗钱钱全彩漫画版 3
_c画树工作室编绘
250 _a一版一刷
260 _a中国
_b南海出版公司
_c2009
300 _b
490 _a读书人
650 _a图画故事
942 _cBK
_o859.9 HS v.3
999 _c63279
_d63269